Offshore pioneers : brown & root and the history of offshore oil and gas
Αποθηκεύτηκε σε:
| Κύριος συγγραφέας: | |
|---|---|
| Άλλοι συγγραφείς: | , |
| Μορφή: | Βιβλίο |
| Γλώσσα: | English |
| Δημοσίευση: |
Houston, Texas :
Gulf Publishing Company,
c1997
|
| Θέματα: | |
| Ετικέτες: |
Προσθήκη ετικέτας
Δεν υπάρχουν, Καταχωρήστε ετικέτα πρώτοι!
|
MARC
| LEADER | 00000nam a2200000 i 4500 | ||
|---|---|---|---|
| 001 | 1/101377 | ||
| 008 | 000210s1997 eng d | ||
| 020 | |a 0-88415-138-7 | ||
| 035 | |l 10057662 | ||
| 040 | |a GR-MY-UA |b gre |e aacr | ||
| 041 | 0 | |a eng | |
| 082 | 0 | |a 338.768176650973 | |
| 100 | 1 | |a Pratt, Joseph A. | |
| 245 | 1 | 0 | |a Offshore pioneers : |b brown & root and the history of offshore oil and gas / |c Joseph A. Pratt; Tyler Priest; Christopher J. Castaneda |
| 260 | |a Houston, Texas : |b Gulf Publishing Company, |c c1997 | ||
| 300 | |a xviii, 302 p. | ||
| 504 | |a Includes bibiographical references and index | ||
| 610 | 1 | 0 | |a Brown & Root, Inc. |x History. |
| 650 | 0 | 0 | |a Offshore oil field equipment industry |z United States |x History. |
| 650 | 0 | 0 | |a Offshore gas field equipment industry |z United States |x History. |
| 650 | 0 | 0 | |a Ocean mining |x History. |
| 650 | 0 | 0 | |a Ocean engineering |x History. |
| 700 | 1 | |a Priest, Tyler. | |
| 700 | 1 | |a Castaneda, Christopher James |d 1959- | |
| 852 | |a INST |b CHIOS |e 20000210 |h 338.768176650973 PRA |p 005200019023 |q 005200019023 |t BK |y 0 | ||
| 901 | |a BIBL2-2000-1 | ||
| 909 | |a Χ |b 074099 | ||
| 922 | |a 2ΕΛΗ |b 200001 |c ΤΝΕΥ |d ΠΑΠΑΣΩΤΗΡΙΟΥ | ||
| 950 | |a 125-1999-07-15 | ||
| 970 | |a ΣΑΛΑΜΟΥΡΑ |b ΜΑΡΙΑ |z 2000/02/11 | ||